LEADER 01089nam2-2200373---4500 001 990000905540203316 005 20050530102905.0 035 $a0090554 035 $aUSA010090554 035 $a(ALEPH)000090554USA01 035 $a0090554 100 $a20020128d1345----km-y0ENGy0103----ba 101 $afra 102 $aFR 200 1 $at.2 1990$fBlaise Pascal$gtexte établi, présenté et annoté par Jean Mesnard 210 $aParis Desclée de Brower$d1345 p. 215 $a18 cm 225 2 $aBibliothèque européenne 410 $12001$aBibliothèque européenne 461 $10010090553$12001$aOeuvres complètes 676 $a194 700 1$aPASCAL,$bBlaise$028760 702 1$aMES 801 0$aIT$bsalbc$gISBD 912 $a990000905540203316 951 $aII.1.C. 394/2(IV A 1430 2)$b127792 LM$cIV A 959 $aBK 969 $aUMA 979 $aPATTY$b90$c20020128$lUSA01$h0932 979 $c20020403$lUSA01$h1734 979 $aPATRY$b90$c20040406$lUSA01$h1702 979 $aCOPAT5$b90$c20050530$lUSA01$h1029 996 $aT.2 1990$9970615 997 $aUNISA LEADER 02088oam 2200637 450 001 9910765993303321 005 20210209185135.0 010 $a2-7605-3971-7 035 $a(CKB)2560000000335761 035 $a(EBL)3292786 035 $a(SSID)ssj0001375669 035 $a(PQKBManifestationID)12613524 035 $a(PQKBTitleCode)TC0001375669 035 $a(PQKBWorkID)11360739 035 $a(PQKB)10680706 035 $a(CEL)447754 035 $a(OCoLC)881552301 035 $a(CaBNVSL)thg00911241 035 $a(MiAaPQ)EBC3292786 035 $a(MiAaPQ)EBC4796997 035 $a(Au-PeEL)EBL4796997 035 $a(CaPaEBR)ebr11343017 035 $a(OCoLC)973830206 035 $z(PPN)198679211 035 $a(PPN)182710106 035 $a(EXLCZ)992560000000335761 100 $a20140620h20142013 uy 0 101 0 $afre 135 $aur|n|---||||| 181 $ctxt 182 $cc 183 $acr 200 00$aGuide de conception et d'utilisation de manuel nume?rique universitaire /$fFODAR 210 1$aQue?bec, Que?bec :$cPresses de l'Universite? du Que?bec,$d[2013] 210 2$aBeaconsfield, Quebec :$cCanadian Electronic Library,$d2014 215 $a1 online resource (58 p.) 300 $aDescription based upon print version of record. 320 $aComprend des re?fe?rences bibliographiques. 327 $aComprendre le manuel nume?rique -- L'e?dition nume?rique -- Quiz -- Aide-me?moire -- Re?ponses -- Notes. 606 $aElectronic publications 606 $aElectronic publishing 606 $aPublications e?lectroniques 606 $aE?dition e?lectronique 615 0$aElectronic publications. 615 0$aElectronic publishing. 615 6$aPublications e?lectroniques. 615 6$aE?dition e?lectronique. 676 $a070.5/797 712 02$aFODAR, 801 0$bMiAaPQ 801 1$bMiAaPQ 801 2$bMiAaPQ 906 $aBOOK 912 $a9910765993303321 996 $aGuide de conception et d'utilisation de manuel nume?rique universitaire$93651673 997 $aUNINA